LEADER 00475nab a2200145 i 4500 001 000000277060 003 CaOOAMICUS 005 20180831165044.0 008 180831n xx uu u0 0und r 013 $a27249 040 $aSeMil$bita 245 10$a[vedi periodico]. 500 $aAprile 2012, inserto redazionale. 773 0 $aNigro Covre, Jolanda$tKandinskij.$bNuova Ed.$dFirenze : Giunti, 2012.$z978-88-09-77462-9$w()212620 996 $6245$a[vedi periodico]$9(OLS)http://semarc/title/309439 LEADER 00798naa a2200169 i 4500 001 000000318754 003 CaOOAMICUS 005 20180831173254.0 008 180831n it u000 u ita u 013 $a28299 040 $aSeMil$bita 100 1 $aTognon, Giuseppe.$0(OLS)http://semarc/name/55764 245 13$aIl sessantotto dei professori. Il "caso Scoppola" a Sociologia di Trento. 650 4$aContestazione <1968>.$0(OLS)http://semarc/subject/55573 650 4$aScoppola, Pietro <1926-2007>.$0(OLS)http://semarc/subject/46702 773 0 $tAutorità e libertà.$dMilano : V&P, 2011.$kUniversità. Pedagogia e scienze dell'educazione. Ricerche$z978-88-343-2017-4$gp.259-276$w()207909 996 $6245$aIl sessantotto dei professori. Il "caso Scoppola" a Sociologia di Trento$9(OLS)http://semarc/title/392594